| 000 | 00628nam a2200205 a 4500 | ||
|---|---|---|---|
| 005 | 20230602063808.0 | ||
| 008 | 160601s2014 mx r 000 0 spa d | ||
| 020 | _a9786074953169 | ||
| 035 | _aUPN01000210994 | ||
| 049 | _aCG | ||
| 050 | 4 |
_aPQ7298.17 O4.2 _bA7.7 |
|
| 100 | 1 |
_aGómez Palacio y Gutiérrez Zamora, Ignacio, _d1943- _939244 |
|
| 245 | 1 | 3 |
_aLa arregladera y el panadero sabedor / _cIgnacio Gómez-Palacio. |
| 260 |
_aToluca : _bGobierno del Estado de México : _bFOEM, _c2014. |
||
| 300 | _a204 p. | ||
| 440 | 0 |
_aLetras. _pNarrativa |
|
| 650 | 4 |
_aNovela mexicana _94557 |
|
| 905 | _aLibro | ||
| 999 |
_c183095 _d183095 |
||